000
00244nam a2200085Ia 4500
008
211126s9999 xx 000 0 und d
100
_a
JOUBERT-SMIT, Magda Pretoria, 2008 1ste druk
_9
18546
245
0
_a
Silwer maan oor Bengali
942
_c
BK
999
_c
625371
_d
625370